00785nam a2200193 a 450000100100000000500170001000800410002704000250006808200150009310000290010824500730013726000680021030000210027850001180029970000350041704900090045295201130046199900170057400003085420200930062542.0110602s1937 dr 000 0 spa d aDO-SdBNPbspacBNPHU axxxbT231r1 aTavárez, Miguel95739210aFrente a la posteridad /cMiguel Tavárez; prólogo Oscar Delanoy. aCiudad Trujillo, República Dominicana :bLa Opinión,c1937. a156 p. ;c18 cm. aLos pueblos no deben hablar, sino pensar. La tierra no es propiedad del hombre, sino el hombre propiedad de ella.1 aDelanoy, Oscarepról.957393 aBNPD 001050718RVaPDbPDcCTd2011-06-02iLF1l0oxxx T231rp30854-10r2020-06-25w2020-06-25y1ZNo se presta c30346d30346